| 000 | 02002cam a2200421 a 4500 | ||
|---|---|---|---|
| 001 | 15875511 | ||
| 005 | 20091005102601.0 | ||
| 008 | 090820s2009 cc a 001 0 eng d | ||
| 010 | _a 2009502158 | ||
| 020 | _a0596520301 (pbk.) | ||
| 020 | _a9780596520304 (pbk.) | ||
| 035 | _a(OCoLC)ocn297170680 | ||
| 040 |
_aVPW _cVPW _dBWX _dOCLCQ _dIXA _dSINLB _dDLC |
||
| 042 | _alccopycat | ||
| 050 | 0 | 0 |
_aTK5105.888 _b.W3655 2009 |
| 082 | 0 | 4 |
_a006.7 _222 _bWAT |
| 100 | 1 |
_aWatrall, Ethan. _929615 |
|
| 245 | 1 | 0 |
_aHead First Web Design / _cEthan Watrall, Jeff Siarto. |
| 260 |
_aBeijing ; _aCambridge : _bO'Reilly, _cc2009. |
||
| 300 |
_axxxii, 463 p. : _bill. (chiefly col.) ; _c24 cm. |
||
| 490 | 1 |
_aHead first series _929616 |
|
| 500 | _a"A brain-friendly guide"--Cover. | ||
| 500 | _aIncludes index. | ||
| 520 | _aWhether you are building a personal blog or a corporate website, there is a lot more to web design than div's and CSS selectors, but what do you really need to know? With this book, you'll learn the secrets of designing effective, user-friendly sites, from customer requirements to hand-drawn storyboards all the way to finished HTML and CSS creations that offer an unforgettable online presence. | ||
| 541 | _aDr. Hani Ghali ; | ||
| 650 | 0 |
_aWeb site development. _929617 |
|
| 650 | 0 |
_aWeb sites _xDesign. _929618 |
|
| 650 | 0 |
_aWeb publishing. _929619 |
|
| 650 | 0 |
_aHTML (Document markup language) _929620 |
|
| 650 | 0 |
_aXHTML (Document markup language) _929621 |
|
| 650 | 0 |
_aInternet programming. _929622 |
|
| 653 |
_bCS _cApril2012 |
||
| 700 | 1 |
_aSiarto, Jeff. _929623 |
|
| 830 | 0 |
_aHead first series. _929624 |
|
| 942 |
_2ddc _cBB |
||
| 999 |
_c16640 _d16640 |
||